00483nam a22001811a 450000500170000000800410001702000090005804000260006705000210009308200210011410000180013524500370015326000220019030000140021250000410022660000310026785200030029820110718133541.0091005s1989 001 0 eng d c0.00 aNEGST Library - Kenya 4aPJ 3081.S56 19890 aPJ 3081.S56 19891 aSim Ronald J.10aPredicate Conjoining in Hadiyya. bEdinburgh,c1989. avi, 492p. aIncludes bibliographical references.10aHadiyya Language- Grammar.